Normativa uniforme sobre oferta pública de títulos valores (Registro nro. 6603)

Detalles MARC
000 -LEADER
fixed length control field 00873 a2200193 4500
001 - CONTROL NUMBER
control field 59173
005 - DATE AND TIME OF LATEST TRANSACTION
control field 20260407155846.0
008 - FIXED-LENGTH DATA ELEMENTS--GENERAL INFORMATION
fixed length control field 260407a arg spa d
003 - CONTROL NUMBER IDENTIFIER
control field AR-UNSa-BCEJYS
040 ## - CATALOGING SOURCE
Original cataloging agency AR-UNSa-BCEJYS
Language of cataloging spa
Transcribing agency AR-UNSa-BCEJYS
080 ## - UNIVERSAL DECIMAL CLASSIFICATION NUMBER
Universal Decimal Classification number 330(8)
Common auxiliary subdivision Economía de América del Sur. Estados y Regiones de América del Sur.<br/>América Latina. Iberoamérica<br/>
100 1# - MAIN ENTRY--PERSONAL NAME
Personal name Banco Interamericano de Desarrollo. Instituto para la Integración de América Latina (BID-INTAL)
245 10 - TITLE STATEMENT
Title Normativa uniforme sobre oferta pública de títulos valores
264 #1 - PRODUCTION, PUBLICATION, DISTRIBUTION, MANUFACTURE, AND COPYRIGHT NOTICE
Place of production, publication, distribution, manufacture Buenos Aires :
Name of producer, publisher, distributor, manufacturer BID/INTAL (Banco Interamericano de Desarrollo. Instituto para la integración de América Latina)
300 ## - PHYSICAL DESCRIPTION
Extent 137 p.
Dimensions 22 cm.
505 ## - FORMATTED CONTENTS NOTE
Formatted contents note Anteproyecto de Normativa uniforme sobre oferta pública de títulos valores
590 ## - LOCAL NOTE (RLIN)
Local note niveau_biblio:m niveau_hierar:0
942 ## - ADDED ENTRY ELEMENTS (KOHA)
Koha item type
Existencias
Withdrawn status Lost status Damaged status Not for loan Home library Current library Shelving location Date acquired Total checkouts Full call number Barcode Date last seen Price effective from Koha item type
        Biblioteca Prof. Eusebio Cleto del Rey Biblioteca Prof. Eusebio Cleto del Rey   07/04/2026   330(8) B213n L45948 07/04/2026 07/04/2026 Libro